MARC

LEADER 00000nam0a2200000 4500
001 115529
005 20231101215251.0
010 |a 5268014463 
020 |a RU  |b 92-35955 
035 |a (RuTPU)RU\TPU\book\124947 
090 |a 115529 
100 |a 20070510d1992 m y0rusy5003 ca 
101 0 |a rus 
102 |a RU 
105 |a y z 000ay 
200 1 |a Атлантида - Европа  |e Тайна Запада  |f Д. С. Мережковский  |g авт. предисл. В. Д. Цыбин 
210 |a Москва  |c Русская книга  |d 1992 
215 |a 416 с.  |d 21 см 
610 1 |a художественная литература 
610 1 |a Атлантида 
610 1 |a эссе 
610 1 |a христианская культура 
610 1 |a религиозная философия 
675 |a Р2  |z rus  |v 3 
700 1 |a Мережковский  |b Д. С.  |c русский писатель  |c религиозный философ  |c поэт  |f 1865-1941  |g Дмитрий Сергеевич  |2 stltpush  |3 (RuTPU)RU\TPU\pers\1229  |9 550 
702 1 |a Цыбин  |b В. Д.  |4 080 
801 0 |a RU  |b RuMRKP  |c 19950413  |g psbo 
801 1 |a RU  |b 63413507  |c 20070510  |g PSBO 
801 2 |a RU  |b 63413507  |c 20070817  |g PSBO 
942 |c BK